000 00558cam a2200193 4500500
005 20260329003444.0
041 _afre
042 _adc
100 1 0 _aPortevin, Catherine
_eauthor
245 0 0 _aAu bonheur des morts
260 _c2015.
500 _a53
690 _aMort
690 _aOntologie
690 _aSpectre
690 _aVinciane Despret
786 0 _nPhilosophie magazine | 93 | 10 | 2015-10-01 | p. 68-68 | 1951-1787
856 4 1 _uhttps://shs.cairn.info/magazine-philosophie-magazine-2015-10-page-68?lang=fr&redirect-ssocas=7080
999 _c1824750
_d1824750